00413nam a22001217a 4500008004100000082001400041110004400055245010000099260005600199300000900255942001200264999001500276230704b xxu||||| |||| 00| 0 eng d a342bCKRC bConstitution of Kenya Review Commission aReport of the Constitution of Kenya Review CommissionbVolume 5cTechnical AppendiceshPart one bConstitution of Kenya Review CommissioncApril 2003 a346p 2ddccBK c3746d3746